LEADER 01543nam 2200433Ia 450 001 996397629603316 005 20200818211921.0 035 $a(CKB)4940000000059413 035 $a(EEBO)2240905041 035 $a(OCoLC)ocm14990789e 035 $a(OCoLC)14990789 035 $a(EXLCZ)994940000000059413 100 $a19861218d1682 uy | 101 0 $aeng 135 $aurbn||||a|bb| 200 10$aSome sober and weighty reasons against prosecuting Protestant dissenters for difference of opinion in matters of religion$b[electronic resource] $ehumbly offered to the consideration of all in authority 210 $aLondon $cPrinted by G. Larkin ...$d1682 215 $a1 sheet ([2] p.) 300 $aCaption title. 300 $aAttributed by Wing and NUC pre-1956 imprints to Penn. 300 $aImprint from colophon. 300 $aReproduction of original in the Harvard University Library. 330 $aeebo-0062 606 $aFreedom of religion$zEngland 606 $aLiberty of conscience$zEngland 606 $aDissenters, Religious$zEngland 615 0$aFreedom of religion 615 0$aLiberty of conscience 615 0$aDissenters, Religious 700 $aPenn$b William$f1644-1718.$0444261 801 0$bEAF 801 1$bEAF 801 2$bm/c 801 2$bUMI 801 2$bWaOLN 906 $aBOOK 912 $a996397629603316 996 $aSome sober and weighty reasons against prosecuting Protestant dissenters, for difference of opinion in matters of religion$92425185 997 $aUNISA LEADER 02481nam0 2200541 i 450 001 RAV0283844 005 20251003044329.0 010 $a8815055991 020 $aIT$b97-6472 100 $a19961125d1996 ||||0itac50 ba 101 | $aita 102 $ait 181 1$6z01$ai $bxxxe 182 1$6z01$an 200 1 $aPovertà, vergogna, superbia$ei declassati fra Medioevo e età moderna$fGiovanni Ricci 210 $aBologna$cIl mulino$d[1996] 215 $a266 p., [12] c. di tav.$d22 cm. 225 | $aSaggi$v452 410 0$1001CFI0000015$12001 $aSaggi$v452 606 $aPoveri$xEuropa$xSec. 12.-18.$2FIR$3CFIC010214$9I 606 $aPoveri$xEuropa$xSec. 12.-18.$2FIR$3CFIC010214$9I 676 $a305.5$9CLASSI SOCIALI$v14 676 $a305.56$9CLASSI BASSE, EMARGINATE, ESCLUSE$v20 676 $a305.569$9CLASSI BASSE, EMARGINATE, ESCLUSE. POVERI$v20 676 $a305.569$9POVERI$v21 676 $a305.569094$9POVERI. EUROPA$v20 676 $a305.569094$9PERSONE RIDOTTE IN POVERTA. Europa$v21 676 $a305.5690945$9GRUPPI SOCIALI. POVERI. ITALIA$v21 676 $a362.5$9PROBLEMI DEI POVERI E SERVIZI RELATIVI$v21 696 $aBisognosi$aIndigenti 696 $aBisognosi$aIndigenti 699 $aPoveri$yBisognosi 699 $aPoveri$yIndigenti 699 $aPoveri$yBisognosi 699 $aPoveri$yIndigenti 700 1$aRicci$b, Giovanni$f <1950- >$3CFIV008887$4070$0318723 790 1$aRicci$b, Giovanni Giuseppe$3SBNV060605$zRicci, Giovanni <1950- > 801 3$aIT$bIT-000000$c19961125 850 $aIT-BN0095 $aIT-NA0070 $aIT-NA0261 $aIT-NA0075 $aIT-NA0452 901 $bNAP BU$c4 B $nPropedeutica. Formato cm. 20,1-28. 901 $bNAP IS$cISEM $nSezione di storia economica dell'ex Istituto di storia economica del Mezzogiorno 901 $bNAP 01$cPOZZO LIB.$nVi sono collocati fondi di economia, periodici di ingegneria e scienze, periodici di economia e statistica e altri fondi comprendenti documenti di economia pervenuti in dono. 901 $bNAP FT$cST. CIV. $n$ 912 $aRAV0283844 950 0$aBiblioteca Centralizzata di Ateneo$c1 v.$d 01POZZO LIB.ECON MON 7957$e 0101 0000088145E VMA 1 v. (Precedente collocazione: Guerrazzi B 133)$fB $h20070910$i20070910 977 $a 01$a BU$a FT$a GE$a IS 996 $aPovertà, vergogna, superbia$966421 997 $aUNISANNIO